000 00953cam a2200301 4500
008 090401t1993 xxu||||| |||| 00| 0 eng d
020 _a0905488172
035 _a(Sirsi) u73912
041 _aeng
050 _a696
100 _aRosindell, F.S.
245 _aBuilding engineering services: a practice manual for quantity surveyors. Volume four: measurement and estimating.
260 _aNottingham
_bNottingham Trent University
_c1993
300 _av,225p. ; 30cm.
350 _a20
520 _aAccompanied by five drawings in envelope inside back cover.
650 _aBUILDING ENGINEERING SERVICES
650 _aBlock management
_96220
650 _aELECTRICAL SERVICES
650 _aMECHANICAL SERVICES
650 _aQUANTITY SURVEYORS
690 _aBlock management
_96220
700 _aStafford, K.D.
700 _aWinfield, Roger
_xEditor
710 _aNottingham Trent University
_9672
942 _n0
948 _c04/03/1997
999 _c95737
_d95737